La fascinación colectiva por las Chivas del Guadalajara /
保存先:
| 第一著者: | |
|---|---|
| その他の著者: | |
| フォーマット: | 図書 |
| 言語: | スペイン語 |
| 出版事項: |
México :
Círculo Psicoanalítico Mexicano : Ediciones del Lirio,
2015, c2015
|
| 主題: | |
| タグ: |
タグなし, このレコードへの初めてのタグを付けませんか!
|
MARC
| LEADER | 00000nam^a2200000^a^4500 | ||
|---|---|---|---|
| 001 | 000392559 | ||
| 005 | 20250521000000.0 | ||
| 009 | 20260310121245.312 | ||
| 020 | |a 978-607-8445-23-0 | ||
| 037 | |a Acervo ITESO - Biblioteca | ||
| 041 | |a ESP | ||
| 082 | |a 306. 4830972352 |b VAZ | ||
| 100 | |a Vázquez Vidrio, Luis Carlos |e (autor) | ||
| 245 | 1 | 3 | |a La fascinación colectiva por las Chivas del Guadalajara / |c L.C. Vázquez Vidrio ; pról. de F.M. González. |
| 264 | 4 | |a México : |b Círculo Psicoanalítico Mexicano : |b Ediciones del Lirio, |c 2015, c2015 | |
| 300 | |a 151 p. | ||
| 336 | |a texto |b txt |2 rdacontenido | ||
| 337 | |a sin mediación |b n |2 rdamedio | ||
| 338 | |a volumen |b nc |2 rdasoporte | ||
| 649 | |a XX | ||
| 650 | |a Equipos Deportivos - |z Guadalajara, Jalisco - |x Historia | ||
| 650 | |a Equipos Deportivos - |z Jalisco - |x Historia | ||
| 650 | |a Equipos Deportivos - |z México - |x Historia | ||
| 650 | |a Futbol - |z Guadalajara, Jalisco - |x Aspectos Psicológicos - |x Tema Principal | ||
| 650 | |a Futbol - |z Guadalajara, Jalisco - |x Aspectos Sociales y Culturales | ||
| 650 | |a Futbol - |z Jalisco - |x Aspectos Psicológicos | ||
| 650 | |a Futbol - |z Jalisco - |x Aspectos Sociales y Culturales | ||
| 650 | |a Futbol - |z México - |x Aspectos Psicológicos | ||
| 650 | |a Futbol - |z México - |x Aspectos Sociales y Culturales | ||
| 650 | |a Deportes - |z Guadalajara, Jalisco - |x Aspectos Psicológicos | ||
| 650 | |a Deportes - |z Guadalajara, Jalisco - |x Aspectos Sociales y Culturales | ||
| 650 | |a Deportes - |z Jalisco - |x Aspectos Psicológicos | ||
| 650 | |a Deportes - |z Jalisco - |x Aspectos Sociales y Culturales | ||
| 650 | |a Deportes - |z México - |x Aspectos Psicológicos | ||
| 650 | |a Deportes - |z México - |x Aspectos Sociales y Culturales | ||
| 650 | |a Identidad Nacional - |z México | ||
| 650 | |a Identidad Cultural - |z Guadalajara, Jalisco | ||
| 650 | |a Identidad Cultural - |z Jalisco | ||
| 650 | |a Identidad Cultural - |z México | ||
| 650 | |a Psicología Social | ||
| 650 | |a Psicoanálisis y Sociedad | ||
| 650 | |a Sociología | ||
| 650 | |a Chivas (Club Deportivo) - |x Tema Principal | ||
| 700 | |a González, Fernando M. |e (prólogo) | ||
| 910 | |a Fondo General | ||
| 920 | |a Impresos - Libros | ||
| 930 | |a Colección General | ||
| 905 | |a 101 | ||
| 901 | |a 0500287443 |b IT1 |c ACC |i D87375 |u 20250521 | ||
| 902 | |a https://opac.biblio.iteso.mx/vufind/Record/000392559 | ||